Statistics for Biggest Cities Or Towns By Population In Malta

Click here to take the quiz!

General Stats

  • This quiz has been taken 8 times
  • The average score is 3 of 8

Answer Stats

Pop Answer % Correct
6444Valletta
100%
6901Rabat
63%
15404Zabbar
38%
11508Zejtun
38%
16779Qormi
25%
11903Zebbug
25%
8367Siggiewi
25%
5395Bormla
25%

Score Distribution

Percentile by Number Answered

Percent of People with Each Score

Your Score History

You have not taken this quiz